[Event "Reunion op 14th"]
[Site "St Denis"]
[Date "2012.10.13"]
[Round "9"]
[White "Francois, Robert"]
[Black "Ah Soune, Alexandra"]
[Result "1/2-1/2"]
[WhiteElo "1530"]
[BlackElo "1090"]
[PlyCount "47"]
[EventDate "2012.10.06"]
[EventType "swiss"]
[EventRounds "9"]
[EventCountry "RUF"]
[SourceTitle "EXT 2013"]
[Source "ChessBase"]
[SourceDate "2012.11.22"]
[SourceVersion "1"]
[SourceVersionDate "2012.11.22"]
[SourceQuality "1"]

1. Nf3 Nc6 2. c4 e5 3. d4 exd4 4. Nxd4 Nxd4 5. Qxd4 a6 6. e4 d6 7. Be2 c5 8. Qc3 Be7 9. Qc2 Nf6 10. Nc3 h6 11. Bf4 0-0 12. 0-0-0 Qc7 13. h3 Be6 14. g4 g5 15. Bg3 b6 16. f4 Nh7 17. f5 Bd7 18. Nd5 Qd8 19. Rhf1 Bc6 20. e5 f6 21. Nxe7+ Qxe7 22. Rxd6 Rac8 23. Qc3 fxe5 24. Bxe5 1/2-1/2

[Event "Reunion op 14th"]
[Site "St Denis"]
[Date "2012.10.11"]
[Round "7"]
[White "Hoareau, Noe"]
[Black "Ah Soune, Alexandra"]
[Result "1-0"]
[WhiteElo "1420"]
[BlackElo "1090"]
[PlyCount "79"]
[EventDate "2012.10.06"]
[EventType "swiss"]
[EventRounds "9"]
[EventCountry "RUF"]
[SourceTitle "EXT 2013"]
[Source "ChessBase"]
[SourceDate "2012.11.22"]
[SourceVersion "1"]
[SourceVersionDate "2012.11.22"]
[SourceQuality "1"]

1. e4 e5 2. Nf3 d6 3. d4 Nc6 4. dxe5 dxe5 5. Qxd8+ Kxd8 6. Ng5 Nh6 7. Bc4 Ke7 8. Nc3 f6 9. Nd5+ Kd8 10. Nf3 a6 11. Bxh6 gxh6 12. Nxf6 b5 13. Bd5 Rb8 14. Bxc6 a5 15. Nxe5 Bg7 16. Nf7+ Ke7 17. Nxh8 Bxh8 18. Nd5+ Kd6 19. Be8 a4 20. 0-0-0 Kc5 21. Nxc7 b4 22. Bxa4 Kb6 23. Nd5+ Ka5 24. Bb3 Rb7 25. f4 Bg4 26. Rd2 Rb8 27. h3 Be6 28. e5 Bf5 29. g4 Be4 30. Re1 Bg6 31. f5 Be8 32. e6 Bg7 33. f6 Bh8 34. f7 Bc6 35. e7 Bg7 36. e8Q Bxe8 37. fxe8Q Rxe8 38. Rxe8 h5 39. Bc4 Bh6 40. Ra8# 1-0